[Event "SVK-ch U16"]
[Site "Tatralandia"]
[Date "2024.04.08"]
[Round "5"]
[White "Rerko, Milos"]
[Black "Bartos, Andrej"]
[Result "0-1"]
[WhiteElo "1543"]
[BlackElo "1000"]
[PlyCount "112"]
[EventDate "2024.04.05"]
[EventType "swiss"]
[EventRounds "9"]
[EventCountry "SVK"]
[SourceTitle "CB16_2024"]
[SourceDate "2024.04.17"]
[SourceVersion "1"]
[SourceVersionDate "2024.04.17"]
[SourceQuality "1"]

1. e4 e6 2. d4 d5 3. e5 c5 4. c3 Qb6 5. Nf3 Nc6 6. a3 a5 7. Be2 Bd7 8. 0-0 a4 9. Nbd2 cxd4 10. cxd4 Nxd4 11. Nxd4 Qxd4 12. Nf3 Qxd1 13. Rxd1 Bc5 14. Be3 b6 15. Nd4 Ne7 16. Nb5 0-0 17. Rdc1 Bxe3 18. fxe3 Nf5 19. Rc3 Rfc8 20. Rd1 Bxb5 21. Rxc8+ Rxc8 22. Bxb5 Nxe3 23. Rd3 Nc4 24. Bxc4 Rxc4 25. b3 axb3 26. Rxb3 Rc6 27. Kf2 f6 28. exf6 gxf6 29. Ke3 e5 30. Rb4 Kf7 31. g4 Ke6 32. a4 Rd6 33. Kd3 h6 34. h3 f5 35. Ke3 f4+ 36. Kf3 Rc6 37. Rb3 Kd7 38. h4 Kc7 39. Ra3 Rf6 40. a5 e4+ 41. Kf2 f3 42. axb6+ Kxb6 43. Re3 Kc5 44. g5 hxg5 45. hxg5 Rg6 46. Rc3+ Kd4 47. Re3 Rxg5 48. Ra3 Ke5 49. Ke3 d4+ 50. Kf2 Kf4 51. Rb3 e3+ 52. Kf1 Rh5 53. Kg1 f2+ 54. Kg2 Rg5+ 55. Kf1 Rg1+ 56. Ke2 f1Q# 0-1